<?xml version="1.0" encoding="UTF-8"?>
<record
    xmlns:xsi="http://www.w3.org/2001/XMLSchema-instance"
    xsi:schemaLocation="http://www.loc.gov/MARC21/slim http://www.loc.gov/standards/marcxml/schema/MARC21slim.xsd"
    xmlns="http://www.loc.gov/MARC21/slim">

  <leader>00933nam a2200241 i 4500</leader>
  <controlfield tag="005">20240530121643.0</controlfield>
  <controlfield tag="008">240422s2019    ii a   g      000 1 tam d</controlfield>
  <datafield tag="020" ind1=" " ind2=" ">
    <subfield code="c">RM22.50</subfield>
    <subfield code="q">paperback </subfield>
  </datafield>
  <datafield tag="040" ind1=" " ind2=" ">
    <subfield code="a">PPAK</subfield>
    <subfield code="b">eng</subfield>
    <subfield code="c">PPAK</subfield>
    <subfield code="e">rda</subfield>
  </datafield>
  <datafield tag="082" ind1="0" ind2="4">
    <subfield code="2">23</subfield>
    <subfield code="a">894.811372</subfield>
  </datafield>
  <datafield tag="090" ind1="0" ind2="0">
    <subfield code="a">894.811372</subfield>
    <subfield code="b">SIV</subfield>
    <subfield code="d">G</subfield>
  </datafield>
  <datafield tag="100" ind1="0" ind2=" ">
    <subfield code="6">880-01</subfield>
    <subfield code="a">Sivaranjan, </subfield>
    <subfield code="e">author. </subfield>
  </datafield>
  <datafield tag="245" ind1="1" ind2="0">
    <subfield code="6">880-02</subfield>
    <subfield code="a">M&#x101;&#x1E47;avarka&#x1E37;ukk&#x101;&#x1E49;a t&#x113;rnte&#x1E6D;utta kataika&#x1E37; / </subfield>
    <subfield code="c">Sivaranjan</subfield>
  </datafield>
  <datafield tag="264" ind1=" " ind2="1">
    <subfield code="a">Thirumullaivoyal, Chennai : </subfield>
    <subfield code="b">UMI Book Bank, </subfield>
    <subfield code="c">2019</subfield>
  </datafield>
  <datafield tag="300" ind1=" " ind2=" ">
    <subfield code="a">120 pages : </subfield>
    <subfield code="b">illustrations ; </subfield>
    <subfield code="c">24 cm </subfield>
  </datafield>
  <datafield tag="336" ind1=" " ind2=" ">
    <subfield code="a">text</subfield>
    <subfield code="2">rdacontent</subfield>
  </datafield>
  <datafield tag="337" ind1=" " ind2=" ">
    <subfield code="a">unmediated</subfield>
    <subfield code="2">rdamedia</subfield>
  </datafield>
  <datafield tag="338" ind1=" " ind2=" ">
    <subfield code="a">volume</subfield>
    <subfield code="2">rdacarrier</subfield>
  </datafield>
  <datafield tag="650" ind1="1" ind2="0">
    <subfield code="a">Tamil fiction</subfield>
  </datafield>
  <datafield tag="880" ind1="0" ind2=" ">
    <subfield code="6">100-01/$1 </subfield>
    <subfield code="c">&#xB9A;&#xBBF;&#xBB5;&#xBB0;&#xB9E;&#xBCD;&#xB9A;&#xBA9;&#xBCD;</subfield>
  </datafield>
  <datafield tag="880" ind1="1" ind2="0">
    <subfield code="6">245-02/$1</subfield>
    <subfield code="a">&#xBAE;&#xBBE;&#xBA3;&#xBB5;&#xBB0;&#xBCD;&#xB95;&#xBB3;&#xBC1;&#xB95;&#xBCD;&#xB95;&#xBBE;&#xBA9; &#xBA4;&#xBC7;&#xBB0;&#xBCD;&#xBA8;&#xBCD;&#xBA4;&#xBC6;&#xB9F;&#xBC1;&#xBA4;&#xBCD;&#xBA4; &#xB95;&#xBA4;&#xBC8;&#xB95;&#xBB3;&#xBCD; /</subfield>
    <subfield code="c">&#xB9A;&#xBBF;&#xBB5;&#xBB0;&#xB9E;&#xBCD;&#xB9A;&#xBA9;&#xBCD;</subfield>
  </datafield>
  <datafield tag="942" ind1=" " ind2=" ">
    <subfield code="2">ddc</subfield>
    <subfield code="c">B</subfield>
  </datafield>
  <datafield tag="999" ind1=" " ind2=" ">
    <subfield code="c">195683</subfield>
    <subfield code="d">195683</subfield>
  </datafield>
  <datafield tag="952" ind1=" " ind2=" ">
    <subfield code="0">0</subfield>
    <subfield code="7">0</subfield>
    <subfield code="b">PPAK</subfield>
    <subfield code="c">G</subfield>
    <subfield code="d">2024-05-30</subfield>
    <subfield code="l">0</subfield>
    <subfield code="o">894.811372 SIV</subfield>
    <subfield code="p">A01821929</subfield>
    <subfield code="r">2024-05-30 12:21:19</subfield>
    <subfield code="y">B</subfield>
  </datafield>
  <datafield tag="952" ind1=" " ind2=" ">
    <subfield code="0">0</subfield>
    <subfield code="7">0</subfield>
    <subfield code="b">SP</subfield>
    <subfield code="c">G</subfield>
    <subfield code="d">2024-05-30</subfield>
    <subfield code="l">4</subfield>
    <subfield code="m">1</subfield>
    <subfield code="o">894.811372 SIV</subfield>
    <subfield code="p">A01821930</subfield>
    <subfield code="r">2025-09-13 10:44:53</subfield>
    <subfield code="s">2025-08-12</subfield>
    <subfield code="y">B</subfield>
  </datafield>
</record>
